<?xml version="1.0" encoding="UTF-8"?>
<record
    xmlns:xsi="http://www.w3.org/2001/XMLSchema-instance"
    xsi:schemaLocation="http://www.loc.gov/MARC21/slim http://www.loc.gov/standards/marcxml/schema/MARC21slim.xsd"
    xmlns="http://www.loc.gov/MARC21/slim">

  <leader>00493nam a22001697a 4500</leader>
  <controlfield tag="003">OSt</controlfield>
  <controlfield tag="005">20160419164911.0</controlfield>
  <controlfield tag="008">1604  s2016    spc ||||||||||000 0dcat|c</controlfield>
  <datafield tag="020" ind1=" " ind2=" ">
    <subfield code="a">9788416154555</subfield>
  </datafield>
  <datafield tag="040" ind1=" " ind2=" ">
    <subfield code="b">cat</subfield>
    <subfield code="c">CDMR</subfield>
  </datafield>
  <datafield tag="100" ind1="1" ind2=" ">
    <subfield code="a">Teixidor i Colomer, Anna</subfield>
    <subfield code="d">1978-</subfield>
    <subfield code="9">3304</subfield>
  </datafield>
  <datafield tag="245" ind1="1" ind2="0">
    <subfield code="a">Combatents en nom d'Al&#xB7;l&#xE0; </subfield>
    <subfield code="b">: de Catalunya al Gihad </subfield>
    <subfield code="c">Anna Teixidor Colomer</subfield>
  </datafield>
  <datafield tag="260" ind1=" " ind2=" ">
    <subfield code="a">Barcelona </subfield>
    <subfield code="b">Ara Llibres</subfield>
    <subfield code="c">2016</subfield>
  </datafield>
  <datafield tag="300" ind1=" " ind2=" ">
    <subfield code="a">235 p. ;</subfield>
    <subfield code="c">24 cm</subfield>
  </datafield>
  <datafield tag="650" ind1=" " ind2="7">
    <subfield code="a">Gihad</subfield>
    <subfield code="z">Catalunya</subfield>
    <subfield code="2">lemac</subfield>
  </datafield>
  <datafield tag="942" ind1=" " ind2=" ">
    <subfield code="c">MON</subfield>
  </datafield>
  <datafield tag="999" ind1=" " ind2=" ">
    <subfield code="c">6926</subfield>
    <subfield code="d">6926</subfield>
  </datafield>
  <datafield tag="952" ind1=" " ind2=" ">
    <subfield code="0">0</subfield>
    <subfield code="1">0</subfield>
    <subfield code="4">0</subfield>
    <subfield code="7">0</subfield>
    <subfield code="a">CDMR</subfield>
    <subfield code="b">CDMR</subfield>
    <subfield code="d">2016-04-19</subfield>
    <subfield code="e">Intercanvi</subfield>
    <subfield code="g">18.90</subfield>
    <subfield code="l">5</subfield>
    <subfield code="m">2</subfield>
    <subfield code="o">Dj 68</subfield>
    <subfield code="p">CDMR16040002</subfield>
    <subfield code="r">2016-10-07</subfield>
    <subfield code="s">2016-09-26</subfield>
    <subfield code="v">18.90</subfield>
    <subfield code="w">2016-04-19</subfield>
    <subfield code="y">MON</subfield>
  </datafield>
</record>
